| 000 | 00456cam a22001457a 4500 | ||
|---|---|---|---|
| 008 | 180718b1982 xxu||||| |||| 00| 0 eng d | ||
| 082 | _aT41x54 B146 | ||
| 100 | _aBagchi, Amiya Kumar | ||
| 245 |
_aMoney and credit as areas of conflict in Colonial India _cby Amiya Kumar Bagchi |
||
| 260 |
_aCalcutta _bCentre for Studies in Social Sciences _c1982 |
||
| 300 | _a18.p | ||
| 440 | _aOccasional Paper,51 | ||
| 650 | _aCredit - India | ||
| 650 | _aMoney - India | ||
| 999 |
_c476270 _d476270 |
||